| 000 | 00550nam a2200193Ia 4500 | ||
|---|---|---|---|
| 001 | 13747 | ||
| 003 | GE_BSU | ||
| 008 | 181216s||||||||xx |||||||||||||| ||und|| | ||
| 040 | _cGE_BSU | ||
| 080 | _a821.353.1–32 | ||
| 100 | _aნაკაშიძე,ნინო | ||
| 245 | _aმოთხრობები და პიესები | ||
| 260 | _aთბილისი | ||
| 260 | _bსახელგამი | ||
| 260 | _c1950 | ||
| 300 | _a530გვ.19სმ. | ||
| 653 | _aმოთხრობები,პიესა | ||
| 942 | _cBK | ||
| 999 |
_c46894 _d46894 |
||